| 000 | 00876cam a2200289 i 4500 | ||
|---|---|---|---|
| 001 | 4616147 | ||
| 003 | ARRUPE | ||
| 005 | 20141114124254.0 | ||
| 008 | 770310s1976 enk b 001 0 eng | ||
| 010 | _a 77352002 | ||
| 015 | _aGB76-12382 | ||
| 020 |
_a0140219161 : _c£0.50 |
||
| 040 |
_aDLC _cDLC _dDLC |
||
| 050 | 0 | 0 |
_aHQ728 _b.L335 1976 |
| 082 | 0 | 0 | _a301.42/7/08 |
| 100 | 1 |
_aLaing, R. D. _q(Ronald David), _d1927-1989. _912661 |
|
| 245 | 1 | 4 |
_aThe politics of the family, and other essays / _cR. D. Laing. |
| 260 |
_aHarmondsworth : _bPenguin, _c1976. |
||
| 300 |
_ax, 119 p. ; _c18 cm. |
||
| 490 | 0 | _aPelican books | |
| 500 | _aIncludes index. | ||
| 504 | _aBibliography: p. [112]-114. | ||
| 650 | 0 |
_aFamilies. _912662 |
|
| 650 | 0 |
_aMentally ill _xFamily relationships. _912663 |
|
| 906 |
_a7 _bcbc _corignew _d3 _encip _f19 _gy-gencatlg |
||
| 942 |
_2lcc _cMONOGRAPH |
||
| 999 |
_c121249 _d121249 |
||